| 000 | 00470nam a22001817a 4500 | ||
|---|---|---|---|
| 003 | CEME | ||
| 005 | 20210628204030.0 | ||
| 008 | 210104b xxu||||| |||| 00| 0 eng d | ||
| 020 | _a9693521889 | ||
| 040 | _c. | ||
| 082 | _a891.4393 MAN | ||
| 100 |
_aManto, Sadat Hassan _923903 |
||
| 245 | _aManto kay mazameen | ||
| 260 |
_aLAHORE _bSANG-E-MEEL PUB _c2009 |
||
| 300 | _a256P | ||
| 650 |
_aURDU ADAB-SHORT STORIES.URDU LITERATURE-FICTION _958956 |
||
| 942 |
_cBK _2ddc |
||
| 999 |
_c575947 _d575947 |
||